000 00868nam a2200289Ia 4500
003 OSt
005 20220918171329.0
006 a|||||r|||| 00| 0
007 ta
008 220917b |||||||| |||| 00| 0 eng d
020 _a9781498787956 (pbk)
_cUKP 53.99
024 _a354,774
037 _b5921, 29/12/2021, Excel Media
_cTextual
040 _aARTS
_cARTS
_beng
041 _2eng
_aeng
082 _aS:86, R1
100 _aEnoch David Au.
_935848
245 0 _aUncommon psychiatric syndromes
250 _a5th
260 _aLondon
_bRoutledge UK
_c2021
300 _axi,291p.
_ccm.
650 _aPSYCHOLOGY
700 _a Ball Hadrian Au.
_935849
700 _a Puri Basant K. Au.
_935850
942 _hS:86, R1
_cTEXL
_2CC
999 _c139069
_d139069